MARC details
| 000 -LEADER |
| fixed length control field |
01029nam a22001937a 4500 |
| 003 - CONTROL NUMBER IDENTIFIER |
| control field |
OSt |
| 005 - DATE AND TIME OF LATEST TRANSACTION |
| control field |
20260316020101.0 |
| 008 - FIXED-LENGTH DATA ELEMENTS--GENERAL INFORMATION |
| fixed length control field |
260316b |||||||| |||| 00| 0 eng d |
| 020 ## - INTERNATIONAL STANDARD BOOK NUMBER |
| International Standard Book Number |
971-16-0092-7 |
| 040 ## - CATALOGING SOURCE |
| Original cataloging agency |
DWC-Main lib. |
| Transcribing agency |
OC |
| 082 ## - DEWEY DECIMAL CLASSIFICATION NUMBER |
| Classification number |
GR. 348.044 Su959 |
| 110 ## - MAIN ENTRY--CORPORATE NAME |
| Corporate name or jurisdiction name as entry element |
EDITORIAL STAFF OF THE CENTRAL LAWBOOK PUBLISHING CO., INC |
| 245 ## - TITLE STATEMENT |
| Title |
Supreme Court reports : |
| Remainder of title |
annotated/ |
| Statement of responsibility, etc. |
EDITORIAL STAFF OF THE CENTRAL LAWBOOK PUBLISHING CO., INC |
| 260 ## - PUBLICATION, DISTRIBUTION, ETC. |
| Place of publication, distribution, etc. |
Manila, Philippines : |
| Name of publisher, distributor, etc. |
CentralLawbook Publishing Company, Inc |
| 300 ## - PHYSICAL DESCRIPTION |
| Extent |
various paging : |
| Dimensions |
23 cm. |
| 504 ## - BIBLIOGRAPHY, ETC. NOTE |
| Bibliography, etc. note |
v.61 - November to December 31, 1975<br/>v.62 - January to February 28, 1987<br/>v.63 - May 1 to May 9, 1975<br/>v.64 - May 10 to June 30, 1975<br/>v.65 - July 1 to 31, 1975<br/>v.66 - August 1 to September 10, 1975<br/>v.67 - September 12 to October 30, 1975<br/>v.68 - November 1 to December 31, 1975<br/>v.69 - January 1 to February 29, 1976<br/>v.70 - March 1 to April 30, 1976<br/> |
| 650 ## - SUBJECT ADDED ENTRY--TOPICAL TERM |
| Topical term or geographic name entry element |
1. Law reports, digests, etc.--- Philippines. |
| 942 ## - ADDED ENTRY ELEMENTS (KOHA) |
| Source of classification or shelving scheme |
Dewey Decimal Classification |
| Koha item type |
General Reference |
| Classification part |
GR. |
| Suppress in OPAC |
No |
| 952 ## - LOCATION AND ITEM INFORMATION (KOHA) |
| -- |
|
| 952 ## - LOCATION AND ITEM INFORMATION (KOHA) |
| -- |
|
| 952 ## - LOCATION AND ITEM INFORMATION (KOHA) |
| -- |
|
| 952 ## - LOCATION AND ITEM INFORMATION (KOHA) |
| -- |
|
| 952 ## - LOCATION AND ITEM INFORMATION (KOHA) |
| -- |
|
| 952 ## - LOCATION AND ITEM INFORMATION (KOHA) |
| -- |
|
| 952 ## - LOCATION AND ITEM INFORMATION (KOHA) |
| -- |
|
| 952 ## - LOCATION AND ITEM INFORMATION (KOHA) |
| -- |
|
| 952 ## - LOCATION AND ITEM INFORMATION (KOHA) |
| -- |
|
| 952 ## - LOCATION AND ITEM INFORMATION (KOHA) |
| -- |
|